| 000 | 01758cas a2200505 i 4500 | ||
|---|---|---|---|
| 001 | 200452845 | ||
| 003 | TR-AnTOB | ||
| 005 | 20240507130100.0 | ||
| 007 | ta | ||
| 008 | 910625u uuuusi ar f0 a0eng d | ||
| 010 |
_a 89947500 _zsn 91027732 |
||
| 015 | _aS85-335 | ||
| 015 |
_a019156871 _2dnb |
||
| 016 | 7 |
_a1421240-7 _2DE-600 |
|
| 016 | 7 |
_a009843649 _2Uk |
|
| 022 | _a0217-7218 | ||
| 035 | _a(OCoLC)ocm23984494 | ||
| 037 | _bOne Maritime Square, #10-40 World Trade Centre, Telok Blangah Rd., Singapore 0409 | ||
| 040 |
_aMnSJ _beng _erda _cMnSJ _dMH _dN _dInU _dDLC _dOCoLC _dSiSiNL _dInU _dSG-SiILA _dGBVCP _dUKMGB _dOCoLC _dTR-AnTOB |
||
| 041 | 0 | _aeng | |
| 042 | _apcc | ||
| 043 | _aa-si--- | ||
| 050 | 0 | 0 |
_aHF331.S58 _bS56 |
| 090 |
_aTOBBK HF331.S58 _bS56 |
||
| 110 | 1 |
_aSingapore. _bTrade Development Board. |
|
| 222 | 0 | _aAnnual report - Singapore Trade Development Board | |
| 245 | 1 | 0 | _aSingapore Trade Development Board annual report 193/94. |
| 246 | 3 | 0 | _aAnnual report 1993/94 |
| 264 | 1 |
_aSingapore : _bSingapore Trade Development Board, _c[date of publication not identified] |
|
| 300 |
_a69 pages : _billustration ; _c28 cm. |
||
| 310 | _aAnnual | ||
| 336 |
_2rdacontent _atext _btxt |
||
| 337 |
_2rdamedia _aunmediated _bn |
||
| 338 |
_2rdacarrier _avolume _bnc |
||
| 362 | 1 | _aBegan with 1983/1984. | |
| 588 | _aDescription based on: 1989/1990; title from cover. | ||
| 588 | _aLatest issue consulted: 1992/1993. | ||
| 590 | _aSERBIB/SERLOC merged record | ||
| 610 | 1 | 0 |
_aSingapore. _bTrade Development Board _vPeriodicals. |
| 650 | 0 |
_aForeign trade promotion _zSingapore _vPeriodicals. _9130915 |
|
| 651 | 0 |
_aSingapore _xCommerce _vPeriodicals. |
|
| 651 | 4 | _aSingapore. | |
| 942 |
_2z _cBK |
||
| 999 |
_c200452845 _d71057 |
||